000 00354nam a2200145Ia 4500
008 230917s9999||||xx |||||||||||||| ||und||
040 _e55866
_aMAIN
041 _aEnglish
082 _a823.8 F774C:E
100 _aColmer, John
245 0 _aE M Forster: A passage to India
260 _aLondon
_bEdward Arnold
_c1967
300 _a20 p.
942 _cBK
999 _c191741
_d191741